000 00596nam a22001577a 4500
005 20250206170649.0
008 241026b |||||||| |||| 00| 0 eng d
100 _aCraig, Iona.
_eauthor.
_963488
245 _aSaving Yemen's history /
_cIona Craig, and Moises Saman.
260 _aWashington ;
_bNational Geographic Partners, LLC.,
_cSeptember 2022.
300 _avolume 241, pages 100-125,
_billustration.
500 _aNational Geographic, v. 242, n. 3, pages 100-125, September 2022.
700 _aCraig, Iona.
_eauthor.
_963486
700 _aSaman, Moises.
_eauthor.
_963487
942 _2ddc
_cPER
999 _c22935
_d22935